| 000 | 00329nam a2200109Ia 4500 | ||
|---|---|---|---|
| 008 | 180315s9999 xx 000 0 und d | ||
| 020 | _a9781259584442 | ||
| 100 | _aAddison, John | ||
| 245 |
_aReal leadership : _b9 simple practices for leading and living with purpose |
||
| 260 |
_aUSA : _b2016 _cMcGrawHill |
||
| 300 | _av, 257 pages | ||
| 999 |
_c356315 _d356315 |
||